[Event "Perth AUS Open"]
[Site "?"]
[Date "2023.01.10"]
[Round "11.36"]
[White "Hurst, Benjamin"]
[Black "Chen, Angus"]
[Result "1-0"]
[WhiteElo "1628"]
[BlackElo "1394"]
[PlyCount "91"]
[EventDate "2023.01.??"]
[EventRounds "11"]
[EventCountry "AUS"]
[SourceVersionDate "2023.01.02"]

1. Nf3 d5 2. e3 Nc6 3. d4 Bg4 4. c4 e6 5. cxd5 exd5 6. Nc3 Nf6 7. Bb5 Bd6 8. h3 Bh5 9. g4 Bg6 10. Ne5 Bxe5 11. dxe5 Ne4 12. Qxd5 Qxd5 13. Nxd5 O-O-O 14. Bxc6 bxc6 15. Ne7+ Kd7 16. Nxg6 hxg6 17. Ke2 f6 18. exf6 gxf6 19. Bd2 Rh4 20. Rad1 Ke6 21. Ba5 Rxd1 22. Rxd1 Rxh3 23. Bxc7 Rh7 24. Rd4 f5 25. gxf5+ gxf5 26. Bf4 Rb7 27. b3 Nc3+ 28. Kd2 Nd5 29. Rc4 Rb6 30. Ra4 Rb7 31. Rc4 Kd7 32. Be5 Ke6 33. Bd4 Rc7 34. Rc5 Nf6 35. Re5+ Kd7 36. Rxf5 Nd5 37. Rf7+ Ne7 38. Bc5 Ke8 39. Rxe7+ Rxe7 40. Bxe7 Kxe7 41. Kd3 Ke6 42. Kc4 Kd6 43. f4 a6 44. e4 a5 45. e5+ Ke6 46. Kc5 1-0

[Event "Perth AUS Open"]
[Site "?"]
[Date "2023.01.10"]
[Round "11.37"]
[White "McAteer, Ian"]
[Black "Deng, Eric"]
[Result "1-0"]
[WhiteElo "1605"]
[BlackElo "1544"]
[PlyCount "129"]
[EventDate "2023.01.??"]
[EventRounds "11"]
[EventCountry "AUS"]
[SourceVersionDate "2023.01.02"]

1. e4 e5 2. Nc3 Nf6 3. f4 d5 4. exd5 exf4 5. Qf3 Bd6 6. Bb5+ Bd7 7. Bxd7+ Nbxd7 8. Nge2 Ne5 9. Qh3 g5 10. Qf5 Qe7 11. d4 Ned7 12. Bd2 O-O-O 13. O-O-O h6 14. Rhe1 Qf8 15. Ng1 Qg7 16. Nf3 Kb8 17. Ne5 Nb6 18. a3 Bxe5 19. Rxe5 Rhe8 20. Rde1 Rxe5 21. Rxe5 a6 22. b3 Re8 23. Rxe8+ Nxe8 24. Qe5 Qxe5 25. dxe5 Kc8 26. Na4 Nxd5 27. c4 Ne3 28. Bxe3 fxe3 29. Nc5 a5 30. Kd1 b6 31. Nd3 Ng7 32. Ke2 Kd7 33. g4 Ne6 34. Kxe3 Nc5 35. b4 Nb7 36. Ke4 Ke6 37. Kd4 c6 38. h3 axb4 39. axb4 f6 40. exf6 Kxf6 41. Ne5 c5+ 42. bxc5 Nxc5 43. Kd5 Ke7 44. Nc6+ Kd7 45. Nb4 Ne6 46. Nd3 Nc7+ 47. Ke5 Ke7 48. Nb4 Kd7 49. Kf6 Ne6 50. Nd3 Nf4 51. Nf2 Kd6 52. Kg7 Kc5 53. Kxh6 Kxc4 54. Kxg5 Ne2 55. h4 b5 56. h5 b4 57. Nd1 Nd4 58. h6 Ne6+ 59. Kf6 Nf8 60. g5 b3 61. g6 Kd3 62. g7 Nh7+ 63. Kg6 Kd2 64. g8=Q Kxd1 65. Qxb3+ 1-0

[Event "Perth AUS Open"]
[Site "?"]
[Date "2023.01.10"]
[Round "11.38"]
[White "Simonds, Marcus"]
[Black "Solomontchik, Daniel"]
[Result "0-1"]
[WhiteElo "1581"]
[BlackElo "1452"]
[PlyCount "116"]
[EventDate "2023.01.??"]
[EventRounds "11"]
[EventCountry "AUS"]
[SourceVersionDate "2023.01.02"]

1. Nf3 d5 2. d4 Nf6 3. e3 c5 4. b3 Bf5 5. Bb5+ Nbd7 6. O-O e6 7. Bb2 a6 8. Bd3 Bxd3 9. cxd3 Bd6 10. Ne5 cxd4 11. exd4 Rc8 12. Nd2 O-O 13. f4 Qc7 14. Rc1 Qa5 15. a3 Nb6 16. Qe2 Qb5 17. Rb1 Rc2 18. Rfc1 Rfc8 19. Qd1 Rxc1 20. Rxc1 Qe8 21. Rxc8 Qxc8 22. Qc1 Qxc1+ 23. Bxc1 Nfd7 24. Ndf3 f6 25. Ng4 Nc8 26. Kf1 Nb8 27. Ke2 Nc6 28. Kd1 N8a7 29. g3 Nb5 30. Bb2 Bxa3 31. Bxa3 Nxa3 32. Ne3 Na5 33. Nc2 Nb5 34. b4 Nb3 35. Ke2 Kf7 36. Ke3 Ke7 37. g4 b6 38. h4 a5 39. bxa5 bxa5 40. Nd2 a4 41. Nb1 Kd6 42. h5 h6 43. Nba3 Nxa3 44. Nxa3 Kc6 45. Nc2 Kb5 46. f5 exf5 47. Kf4 fxg4 48. Kxg4 Nc1 49. Kf5 Nxd3 50. Kg6 Nf4+ 51. Kxg7 Nxh5+ 52. Kg6 Nf4+ 53. Kxh6 Ne2 54. Kg6 Kc4 55. Kxf6 Nxd4 56. Ne3+ Kb3 57. Ke5 Nc2 58. Kxd5 Nxe3+ 0-1

[Event "Perth AUS Open"]
[Site "?"]
[Date "2023.01.10"]
[Round "11.39"]
[White "Hernandez Mendez, Iker"]
[Black "Lawes, Alexander"]
[Result "1-0"]
[WhiteElo "1611"]
[BlackElo "1407"]
[PlyCount "49"]
[EventDate "2023.01.??"]
[EventRounds "11"]
[EventCountry "AUS"]
[SourceVersionDate "2023.01.02"]

1. e4 c6 2. d4 d5 3. exd5 cxd5 4. c4 Nc6 5. cxd5 Qxd5 6. Nf3 Bg4 7. Nc3 Qa5 8. d5 O-O-O 9. Qb3 Bxf3 10. gxf3 Nb4 11. Bh3+ Kb8 12. Bf4+ Ka8 13. O-O-O Nf6 14. d6 exd6 15. Qxf7 Qc5 16. Be3 Qe5 17. Qc7 Qe7 18. Qa5 Nc6 19. Qa4 d5 20. a3 Qc7 21. Nb5 Qa5 22. Qxa5 Nxa5 23. Bxa7 b6 24. Bxb6 Rb8 25. Nc7+ 1-0

[Event "Perth AUS Open"]
[Site "?"]
[Date "2023.01.10"]
[Round "11.40"]
[White "Cadag, Herbert"]
[Black "Yeung, Evan"]
[Result "1-0"]
[WhiteElo "1557"]
[BlackElo "1608"]
[PlyCount "53"]
[EventDate "2023.01.??"]
[EventRounds "11"]
[EventCountry "AUS"]
[SourceVersionDate "2023.01.02"]

1. Nc3 d5 2. d4 Bf5 3. Bg5 c6 4. e3 Nd7 5. Bd3 Bxd3 6. Qxd3 Ngf6 7. f4 e6 8. Nf3 Be7 9. O-O O-O 10. Bh4 c5 11. Ne5 cxd4 12. exd4 Nxe5 13. fxe5 Nd7 14. Bxe7 Qxe7 15. Rf3 h6 16. Rh3 Qg5 17. Rg3 Qh4 18. h3 h5 19. Ne2 Rac8 20. c3 a6 21. Rf1 f5 22. Nf4 Rfe8 23. Qf3 b5 24. Nxh5 g5 25. Qe3 g4 26. Qh6 Qe7 27. hxg4 1-0

[Event "Perth AUS Open"]
[Site "?"]
[Date "2023.01.10"]
[Round "11.41"]
[White "Gunawan, Marco"]
[Black "De Jong, Sjef"]
[Result "1-0"]
[WhiteElo "1507"]
[BlackElo "1593"]
[PlyCount "67"]
[EventDate "2023.01.??"]
[EventRounds "11"]
[EventCountry "AUS"]
[SourceVersionDate "2023.01.02"]

1. c4 e5 2. Nc3 Nc6 3. Nf3 Nf6 4. g3 d6 5. Bg2 Rb8 6. O-O Be6 7. d3 Be7 8. a3 O-O 9. b4 a6 10. Ng5 Bd7 11. Nf3 Be6 12. Rb1 h6 13. a4 Qd7 14. Bd2 Rfc8 15. Qc1 Kh7 16. Qc2 Bf5 17. Nh4 Nd4 18. Qd1 Bg4 19. Nf3 Qf5 20. Nxd4 exd4 21. Ne4 Nd7 22. Nxd6 Nf6 23. Nxf5 Bxf5 24. c5 c6 25. Bf4 Ra8 26. Be5 Ng4 27. Bxd4 Rd8 28. Bc3 Nf6 29. e4 Nxe4 30. Bxe4 Bxe4 31. dxe4 Rxd1 32. Rfxd1 Re8 33. f3 Kg6 34. Rd7 1-0

[Event "Perth AUS Open"]
[Site "?"]
[Date "2023.01.10"]
[Round "11.42"]
[White "Roebuck, Derek"]
[Black "Stokes, Mark C"]
[Result "1-0"]
[WhiteElo "1592"]
[BlackElo "1569"]
[PlyCount "45"]
[EventDate "2023.01.??"]
[EventRounds "11"]
[EventCountry "AUS"]
[SourceVersionDate "2023.01.02"]

1. e4 d5 2. exd5 Qxd5 3. Nc3 Qd8 4. Nf3 Nf6 5. Bc4 Bf5 6. Ne5 e6 7. Qf3 c6 8. Nxf7 Qd4 9. Nxh8 Qxc4 10. d3 Qc5 11. h3 h6 12. O-O Nbd7 13. Re1 Be7 14. Qe2 h5 15. Bf4 Bd8 16. Ng6 Ba5 17. Ne5 O-O-O 18. Nc4 Bc7 19. Bxc7 Kxc7 20. Qe3 Qe7 21. Qxa7 g5 22. Qa5+ Kb8 23. Qxf5 1-0

[Event "Perth AUS Open"]
[Site "?"]
[Date "2023.01.10"]
[Round "11.43"]
[White "Xiao Zhou Ning"]
[Black "De Vas, Yonal"]
[Result "1-0"]
[WhiteElo "1583"]
[BlackElo "1558"]
[PlyCount "43"]
[EventDate "2023.01.??"]
[EventRounds "11"]
[EventCountry "AUS"]
[SourceVersionDate "2023.01.02"]

1. d4 d5 2. c4 dxc4 3. e3 Nf6 4. Nf3 e6 5. Bxc4 a6 6. O-O c5 7. Ne5 b5 8. Bd3 c4 9. Bc2 Bb7 10. a4 Qd5 11. f3 Nc6 12. Nc3 Qd8 13. axb5 axb5 14. Rxa8 Qxa8 15. Nxb5 Qa5 16. Ba4 Nxe5 17. Nd6+ Ke7 18. dxe5 Qxe5 19. Nxb7 Qc7 20. b3 Qxb7 21. Ba3+ Qb4 22. Bxb4# 1-0

[Event "Perth AUS Open"]
[Site "?"]
[Date "2023.01.10"]
[Round "11.47"]
[White "Brown, Greg"]
[Black "Milner, Anthony James"]
[Result "1-0"]
[WhiteElo "1312"]
[BlackElo "1102"]
[PlyCount "29"]
[EventDate "2023.01.??"]
[EventRounds "11"]
[EventCountry "AUS"]
[SourceVersionDate "2023.01.02"]

1. c4 e5 2. g3 Nf6 3. Bg2 Bc5 4. e3 Nc6 5. Nc3 d6 6. Nge2 Be6 7. d4 exd4 8. exd4 Nxd4 9. Nxd4 Bxc4 10. Qa4+ c6 11. Qxc4 Qe7+ 12. Be3 O-O 13. O-O d5 14. Qd3 Ng4 15. Nf5 1-0

[Event "Perth AUS Open"]
[Site "?"]
[Date "2023.01.10"]
[Round "11.48"]
[White "Yu Leiming"]
[Black "De Rooy, Jack"]
[Result "0-1"]
[WhiteElo "1511"]
[BlackElo "1242"]
[PlyCount "176"]
[EventDate "2023.01.??"]
[EventRounds "11"]
[EventCountry "AUS"]
[SourceVersionDate "2023.01.02"]

1. d4 d5 2. c4 e6 3. Nf3 Nf6 4. Nc3 c6 5. e3 Bd6 6. Be2 O-O 7. Qc2 Nbd7 8. e4 dxe4 9. Nxe4 Nxe4 10. Qxe4 Nf6 11. Qd3 h6 12. O-O c5 13. Rd1 Qb6 14. b3 cxd4 15. Nxd4 Bc5 16. Bf4 Rd8 17. Be5 Ne8 18. Bh5 Bxd4 19. Bxd4 Qa5 20. Qe2 Bd7 21. Bf3 Qc7 22. Be5 Qb6 23. Qc2 Bc6 24. c5 Qb5 25. a4 Qb4 26. Bxc6 bxc6 27. Rac1 Rd5 28. Rxd5 cxd5 29. c6 Rc8 30. Bc3 Qb6 31. Bd2 Nd6 32. Bf4 Ne8 33. Bd2 Nd6 34. a5 Qb5 35. Bf4 Ne8 36. Bd2 Nd6 37. h3 Ne8 38. b4 Nd6 39. Be3 a6 40. c7 Ne8 41. Qc3 Rxc7 42. Bc5 Nf6 43. Qg3 Rc6 44. f3 Nd7 45. Qf2 Nxc5 46. Rxc5 Rxc5 47. Qxc5 Qxc5+ 48. bxc5 Kf8 49. Kf2 Ke7 50. Ke3 e5 51. Kd3 Kd7 52. Kc3 Kc6 53. Kb4 f6 54. h4 d4 55. Kc4 d3 56. Kxd3 Kxc5 57. Ke4 Kb5 58. Kf5 Kxa5 59. Kg6 Kb4 60. Kxg7 a5 61. Kxh6 a4 62. h5 a3 63. Kg7 a2 64. h6 a1=Q 65. h7 Qa7+ 66. Kg8 Qb8+ 67. Kg7 Qc7+ 68. Kg8 Qd8+ 69. Kg7 Qe7+ 70. Kg8 f5 71. h8=Q Qe8+ 72. Kg7 Qxh8+ 73. Kxh8 e4 74. fxe4 fxe4 75. g4 e3 76. g5 e2 77. g6 e1=Q 78. g7 Qh4+ 79. Kg8 Kc5 80. Kf7 Qh7 81. Kf8 Qf5+ 82. Ke7 Qg6 83. Kf8 Qf6+ 84. Kg8 Kd6 85. Kh7 Qf7 86. Kh8 Qh5+ 87. Kg8 Ke6 88. Kf8 Qf7# 0-1

[Event "Perth AUS Open Minor"]
[Site "?"]
[Date "2023.01.02"]
[Round "1.58"]
[White "Ashok, Anish"]
[Black "Gupta, Aarnav"]
[Result "0-1"]
[WhiteElo "545"]
[BlackElo "1458"]
[PlyCount "58"]
[EventDate "2023.01.??"]
[EventRounds "11"]
[EventCountry "AUS"]
[SourceVersionDate "2023.01.02"]

1. d4 d5 2. Bf4 Bf5 3. Nf3 e6 4. e3 Bd6 5. Bg3 Nf6 6. c3 Nbd7 7. Bd3 Bxd3 8. Qxd3 Nb6 9. Nbd2 Bxg3 10. hxg3 Qd6 11. O-O-O O-O-O 12. Ng5 Qe7 13. Nxh7 Ng4 14. Qe2 Nh6 15. Qd3 f5 16. f3 Rxh7 17. g4 Rdh8 18. gxf5 exf5 19. e4 dxe4 20. fxe4 g6 21. exf5 Nxf5 22. Rh3 Rxh3 23. gxh3 Qh4 24. Rg1 Re8 25. Rxg6 Qe1+ 26. Kc2 Ne3+ 27. Kb3 Qd1+ 28. Kb4 Qa4+ 29. Kc5 Nd7# 0-1

[Event "Perth AUS Open Minor"]
[Site "?"]
[Date "2023.01.02"]
[Round "1.60"]
[White "Dadras, Datis"]
[Black "Arav, Nathan"]
[Result "0-1"]
[WhiteElo "482"]
[BlackElo "1422"]
[PlyCount "66"]
[EventDate "2023.01.??"]
[EventRounds "11"]
[EventCountry "AUS"]
[SourceVersionDate "2023.01.02"]

1. e4 c5 2. Nf3 d6 3. Nc3 Nf6 4. Bb5+ Bd7 5. Bxd7+ Nbxd7 6. O-O g6 7. d3 Bg7 8. Bg5 O-O 9. h3 Re8 10. Re1 Qb6 11. Nd5 Nxd5 12. exd5 Qxb2 13. Bxe7 Qxa1 14. Qxa1 Bxa1 15. Bxd6 Rxe1+ 16. Nxe1 Be5 17. Be7 Re8 18. Bg5 Bf4 19. Nf3 Bxg5 20. Nxg5 Re5 21. Ne4 Rxd5 22. Kh2 Kg7 23. Kg3 Ne5 24. Kf4 f6 25. Ke3 c4 26. d4 Nc6 27. c3 Rd7 28. Nc5 Re7+ 29. Kf4 b6 30. d5 g5+ 31. Kf5 bxc5 32. dxc6 h5 33. g4 Re5# 0-1

[Event "Perth AUS Open Minor"]
[Site "?"]
[Date "2023.01.02"]
[Round "1.61"]
[White "Chan, Benny"]
[Black "Fisher, Isaac"]
[Result "1-0"]
[WhiteElo "1377"]
[BlackElo "421"]
[PlyCount "29"]
[EventDate "2023.01.??"]
[EventRounds "11"]
[EventCountry "AUS"]
[SourceVersionDate "2023.01.02"]

1. e4 e5 2. Nf3 Nc6 3. Bc4 Nf6 4. d3 h6 5. c3 Bc5 6. O-O d6 7. Re1 Bg4 8. h3 Bxf3 9. Qxf3 O-O 10. Qg3 Qd7 11. Bxh6 Nh5 12. Qg6 Rfe8 13. Qxh5 g6 14. Qxg6+ Kh8 15. Qg7# 1-0

[Event "Perth AUS Open Minor"]
[Site "?"]
[Date "2023.01.02"]
[Round "1.62"]
[White "Perera, Kaviru"]
[Black "Clark, Peter"]
[Result "0-1"]
[WhiteElo "410"]
[BlackElo "1370"]
[PlyCount "64"]
[EventDate "2023.01.??"]
[EventRounds "11"]
[EventCountry "AUS"]
[SourceVersionDate "2023.01.02"]

1. e4 c5 2. c4 e6 3. Nf3 a6 4. Nc3 Nc6 5. e5 d6 6. exd6 Bxd6 7. d3 h6 8. g3 Nf6 9. Be2 O-O 10. O-O Qc7 11. Qd2 Rd8 12. Bd1 Be5 13. Nxe5 Nxe5 14. Be2 Nxc4 15. Qc2 Ne5 16. f4 Ned7 17. b3 b6 18. Bf3 Bb7 19. Bxb7 Qxb7 20. Qg2 Qxg2+ 21. Kxg2 Nb8 22. Rh1 Rxd3 23. Nb1 Nc6 24. Re1 Rad8 25. Bd2 Nd4 26. Rc1 Ne4 27. Bc3 Nxc3 28. Nxc3 Rd2+ 29. Kf1 Rxh2 30. Kg1 Nf3+ 31. Kf1 Rdd2 32. Ne4 Rh1# 0-1

[Event "Perth AUS Open Minor"]
[Site "?"]
[Date "2023.01.02"]
[Round "1.63"]
[White "Gupta, Anoushka"]
[Black "Kalloor, Abner"]
[Result "1-0"]
[WhiteElo "1343"]
[BlackElo "370"]
[PlyCount "69"]
[EventDate "2023.01.??"]
[EventRounds "11"]
[EventCountry "AUS"]
[SourceVersionDate "2023.01.02"]

1. e4 e5 2. Nf3 Nf6 3. Nc3 Nc6 4. Bb5 Bb4 5. d3 O-O 6. Bxc6 dxc6 7. O-O h6 8. Nxe5 Re8 9. Nc4 Bxc3 10. bxc3 Bg4 11. f3 Be6 12. Na5 Bc8 13. Rb1 Re5 14. Nxb7 Bxb7 15. Rxb7 Rb5 16. Rxb5 cxb5 17. Ba3 Rb8 18. Qb1 a6 19. Qb3 c6 20. Rb1 a5 21. c4 bxc4 22. Qxb8 Qxb8 23. Rxb8+ Kh7 24. dxc4 Nd7 25. Rb7 Nc5 26. Bxc5 g6 27. Rxf7+ Kg8 28. Rf6 Kg7 29. e5 h5 30. Bf8+ Kg8 31. e6 Kh7 32. e7 Kh8 33. e8=Q Kg8 34. Bg7+ Kh7 35. Qh8# 1-0

[Event "Perth AUS Open Minor"]
[Site "?"]
[Date "2023.01.02"]
[Round "1.64"]
[White "Li, Jeremy"]
[Black "Bultman, Grant"]
[Result "0-1"]
[WhiteElo "331"]
[BlackElo "1329"]
[PlyCount "72"]
[EventDate "2023.01.??"]
[EventRounds "11"]
[EventCountry "AUS"]
[SourceVersionDate "2023.01.02"]

1. e4 e5 2. Nf3 Nc6 3. Nc3 Nf6 4. Bc4 h6 5. O-O d6 6. h3 a6 7. d3 b5 8. Bb3 Na5 9. Be3 Nxb3 10. cxb3 Be6 11. Rc1 Rc8 12. Qc2 Qd7 13. Rfd1 Be7 14. d4 exd4 15. Rxd4 g5 16. Ne5 Qd8 17. Nd5 Bxd5 18. Rxd5 Nxd5 19. Qc6+ Kf8 20. Qxd5 dxe5 21. Qxe5 Bf6 22. Qc5+ Kg7 23. Qf5 Re8 24. Bc5 Bxb2 25. Rb1 Re5 26. Qf3 Rxc5 27. Rxb2 Rc1+ 28. Kh2 Qd6+ 29. g3 Qd1 30. Qxd1 Rxd1 31. Re2 Rcd8 32. e5 R1d2 33. Re1 Rxf2+ 34. Kg1 Rxa2 35. g4 Rdd2 36. Re4 Ra1+ 0-1

[Event "Perth AUS Open Minor"]
[Site "?"]
[Date "2023.01.02"]
[Round "1.67"]
[White "De Vas, Senudi"]
[Black "Chen, Albert"]
[Result "0-1"]
[WhiteElo "1276"]
[BlackElo "1157"]
[PlyCount "76"]
[EventDate "2023.01.??"]
[EventRounds "11"]
[EventCountry "AUS"]
[SourceVersionDate "2023.01.02"]

1. d4 d5 2. c4 e6 3. Bf4 Bd6 4. Bxd6 Qxd6 5. e3 Nf6 6. Nf3 dxc4 7. Bxc4 Qb4+ 8. Nfd2 Qxb2 9. Na3 Qxa3 10. Bb5+ Bd7 11. Bxd7+ Nbxd7 12. Qf3 Qa6 13. Qg3 O-O 14. Qxc7 e5 15. d5 Rac8 16. d6 Rxc7 17. dxc7 Qd6 18. Rc1 Rc8 19. O-O Qxd2 20. Rfd1 Qa5 21. f4 exf4 22. e4 Rxc7 23. e5 Rxc1 24. Rxc1 Qxe5 25. Kf1 Qb5+ 26. Kg1 Qe2 27. Rf1 Qxa2 28. Rxf4 Qa1+ 29. Kf2 a5 30. Rc4 Qa2+ 31. Kg3 Qxc4 32. h3 a4 33. Kh2 a3 34. Kg3 Qd3+ 35. Kh2 a2 36. Kh1 a1=Q+ 37. Kh2 h5 38. g3 Qe2# 0-1

[Event "Perth AUS Open Minor"]
[Site "?"]
[Date "2023.01.02"]
[Round "1.73"]
[White "Arav, Callan"]
[Black "Gunasekera, Tharanga Abesuriya"]
[Result "0-1"]
[WhiteElo "1157"]
[BlackElo "1079"]
[PlyCount "36"]
[EventDate "2023.01.??"]
[EventRounds "11"]
[EventCountry "AUS"]
[SourceVersionDate "2023.01.02"]

1. e4 c6 2. d4 d5 3. e5 Bf5 4. Be3 e6 5. Be2 Nd7 6. f4 a6 7. Nf3 c5 8. O-O cxd4 9. Nxd4 Be4 10. Nc3 Bg6 11. f5 exf5 12. e6 Nc5 13. Ncb5 Nxe6 14. Nxf5 Bxf5 15. Rxf5 Nf6 16. Bd2 Bc5+ 17. Kh1 O-O 18. Bg5 Nxg5 0-1

[Event "Perth AUS Open Minor"]
[Site "?"]
[Date "2023.01.03"]
[Round "2.58"]
[White "Gupta, Aarnav"]
[Black "Lee, Lucas"]
[Result "0-1"]
[WhiteElo "1458"]
[BlackElo "830"]
[PlyCount "28"]
[EventDate "2023.01.??"]
[EventRounds "11"]
[EventCountry "AUS"]
[SourceVersionDate "2023.01.02"]

1. d4 Nf6 2. c4 g6 3. Nf3 c6 4. Nc3 d5 5. e3 Bg7 6. b3 dxc4 7. Bxc4 c5 8. Bb2 Nc6 9. dxc5 Qa5 10. O-O O-O 11. Na4 Ne4 12. Bxg7 Kxg7 13. Qd5 Nf6 14. Ng5 Nxd5 0-1

[Event "Perth AUS Open Minor"]
[Site "?"]
[Date "2023.01.03"]
[Round "2.59"]
[White "Arav, Nathan"]
[Black "Kerr, Lennon"]
[Result "1-0"]
[WhiteElo "1422"]
[BlackElo "691"]
[PlyCount "91"]
[EventDate "2023.01.??"]
[EventRounds "11"]
[EventCountry "AUS"]
[SourceVersionDate "2023.01.02"]

1. d4 d5 2. c4 Nf6 3. Nc3 e6 4. a3 Be7 5. Nf3 O-O 6. Bf4 c5 7. e3 Qb6 8. Qc2 Nc6 9. cxd5 exd5 10. dxc5 Qd8 11. Nb5 Ne4 12. Nc7 Bf5 13. Bd3 Rc8 14. Nd4 Nxd4 15. exd4 Rxc7 16. Bxc7 Qxc7 17. O-O-O b6 18. f3 bxc5 19. fxe4 Qf4+ 20. Qd2 Qxd2+ 21. Kxd2 dxe4 22. Be2 cxd4 23. Kc1 d3 24. Bxd3 exd3 25. g4 Bg6 26. h4 h6 27. Rdg1 Bc5 28. Rg3 Rc8 29. Kd1 Bf2 30. Rgh3 Rc2 31. h5 Bh7 32. g5 hxg5 33. h6 g6 34. Rxd3 Rc8 35. Rd7 g4 36. Ke2 Bb6 37. Re7 Kf8 38. Rb7 Rc7 39. Rxc7 Bxc7 40. Rc1 Bh2 41. Rc8+ Ke7 42. Rh8 Kf6 43. Rxh7 Kg5 44. Rxf7 Kxh6 45. Rxa7 Kg5 46. b4 1-0

[Event "Perth AUS Open Minor"]
[Site "?"]
[Date "2023.01.03"]
[Round "2.60"]
[White "Rice, Lana"]
[Black "Chan, Benny"]
[Result "0-1"]
[WhiteElo "1065"]
[BlackElo "1377"]
[PlyCount "98"]
[EventDate "2023.01.??"]
[EventRounds "11"]
[EventCountry "AUS"]
[SourceVersionDate "2023.01.02"]

1. e4 c5 2. Nc3 e6 3. g3 d5 4. e5 Nc6 5. f4 Be7 6. Nf3 Nh6 7. Bg2 Nf5 8. O-O O-O 9. d3 a6 10. g4 Nh4 11. Nxh4 Bxh4 12. g5 Ne7 13. Rf3 Qb6 14. Kf1 Ng6 15. Rh3 c4 16. d4 Bd7 17. Qh5 f6 18. exf6 gxf6 19. Rxh4 Nxh4 20. Qxh4 Qxd4 21. Ne2 Qd1+ 22. Kf2 f5 23. c3 Rf7 24. Bf3 Qc2 25. Kf1 Qd1+ 26. Qe1 Qxe1+ 27. Kxe1 h6 28. Be3 hxg5 29. fxg5 Rh7 30. Bf4 Kf7 31. Kf2 Re8 32. Rh1 Bc6 33. Ng3 Kg6 34. Bd2 Reh8 35. Kg2 e5 36. Bd1 f4 37. Bc2+ Kxg5 38. Bxh7 Rxh7 39. Kf1 Kf6 40. Ne2 d4 41. Rg1 d3 42. Nc1 Rxh2 43. Ke1 Kf5 44. Rf1 Bg2 45. Rg1 e4 46. Kd1 Bf3+ 47. Ke1 e3 48. Bxe3 fxe3 49. Rf1 d2# 0-1

[Event "Perth AUS Open Minor"]
[Site "?"]
[Date "2023.01.03"]
[Round "2.61"]
[White "Clark, Peter"]
[Black "Schiavone, Isaac"]
[Result "1-0"]
[WhiteElo "1370"]
[BlackElo "576"]
[PlyCount "93"]
[EventDate "2023.01.??"]
[EventRounds "11"]
[EventCountry "AUS"]
[SourceVersionDate "2023.01.02"]

1. d4 d5 2. Bf4 c5 3. e3 Nf6 4. c3 Nc6 5. Nd2 Bf5 6. Qb3 Na5 7. Bb5+ Bd7 8. Bxd7+ Qxd7 9. Qd1 e6 10. Ngf3 Qb5 11. Rb1 Nc6 12. Qe2 Qxe2+ 13. Kxe2 Nh5 14. Bg5 h6 15. Bh4 Ne7 16. dxc5 Nf5 17. b4 Nxh4 18. Nxh4 Nf6 19. Nhf3 Be7 20. a3 O-O 21. Nd4 Rfc8 22. Rhc1 e5 23. N4f3 e4 24. Nd4 a5 25. Ra1 Nd7 26. c4 axb4 27. axb4 Rxa1 28. Rxa1 dxc4 29. Nxe4 Nf6 30. Nxf6+ Bxf6 31. Rc1 Bxd4 32. exd4 Kf8 33. Rxc4 b5 34. Rc2 Ke7 35. d5 Kf6 36. d6 Ke6 37. Rd2 Rd8 38. f4 f5 39. Kf3 g5 40. fxg5 hxg5 41. h3 Ke5 42. g3 Ke6 43. h4 Kd7 44. hxg5 Rg8 45. Kf4 Ke6 46. d7 Rd8 47. c6 1-0

[Event "Perth AUS Open Minor"]
[Site "?"]
[Date "2023.01.03"]
[Round "2.62"]
[White "Ley, Nick"]
[Black "Gupta, Anoushka"]
[Result "1-0"]
[WhiteElo "695"]
[BlackElo "1343"]
[PlyCount "65"]
[EventDate "2023.01.??"]
[EventRounds "11"]
[EventCountry "AUS"]
[SourceVersionDate "2023.01.02"]

1. Nf3 Nf6 2. g3 d5 3. d3 Nc6 4. Bg2 e5 5. O-O Bd6 6. Bg5 h6 7. Bxf6 Qxf6 8. e4 d4 9. Nbd2 O-O 10. a3 Qe7 11. b4 a5 12. Rb1 axb4 13. axb4 Bxb4 14. Ne1 f5 15. exf5 Bxf5 16. f4 Bxd2 17. Qxd2 e4 18. Rxb7 e3 19. Qe2 Na5 20. Rb5 Ra6 21. Nf3 c5 22. Ne5 Rc8 23. Rfb1 Bd7 24. Rb8 Qe8 25. Nxd7 Qxd7 26. Qh5 Qd8 27. Qd5+ Kh7 28. Qxd8 Rxd8 29. Rxd8 Re6 30. Be4+ g6 31. Rd7+ Kg8 32. Rb8+ Re8 33. Rxe8# 1-0

[Event "Perth AUS Open Minor"]
[Site "?"]
[Date "2023.01.03"]
[Round "2.63"]
[White "Bultman, Grant"]
[Black "Sheth, Adidev"]
[Result "1-0"]
[WhiteElo "1329"]
[BlackElo "569"]
[PlyCount "185"]
[EventDate "2023.01.??"]
[EventRounds "11"]
[EventCountry "AUS"]
[SourceVersionDate "2023.01.02"]

1. e4 d5 2. e5 c5 3. Bb5+ Nc6 4. f4 a6 5. Bxc6+ bxc6 6. Nc3 d4 7. Ne4 Qd5 8. d3 c4 9. Qf3 Bf5 10. g4 Bxe4 11. Qxe4 Qxe4+ 12. dxe4 O-O-O 13. Bd2 e6 14. Ba5 Rd7 15. Rd1 c5 16. Ke2 Be7 17. Nf3 Bd8 18. Bxd8 Rxd8 19. Ng5 Nh6 20. h3 Rde8 21. Nf3 Rd8 22. Rhf1 Rd7 23. f5 exf5 24. gxf5 Re8 25. Rg1 g6 26. fxg6 hxg6 27. Rg5 Ng8 28. e6 Rc7 29. exf7 Rxe4+ 30. Kd2 Rxf7 31. Rxc5+ Kb7 32. Ng5 Rf2+ 33. Kc1 Ree2 34. Rxc4 Kb6 35. Rdxd4 Nh6 36. b3 Nf5 37. Rf4 Rg2 38. h4 Ne3 39. Rf6+ Ka5 40. Rc5+ Kb4 41. Rfc6 Ka3 42. Rxa6+ Kb4 43. Rac6 Ka3 44. Ra5+ Kb4 45. Ra4+ Kb5 46. Rac4 Nxc4 47. Rxc4 Rh2 48. Nf3 Rh1+ 49. Kb2 Re7 50. Nd4+ Kb6 51. Rc6+ Kb7 52. Rxg6 Rh7 53. Nf3 Rd1 54. Rg4 Rdd7 55. Rb4+ Ka7 56. Ne5 Rc7 57. Ra4+ Kb7 58. Rb4+ Ka7 59. Nd3 Rb7 60. Ra4+ Kb6 61. Rc4 Ka6 62. Nc5+ Ka7 63. Nxb7 Kxb7 64. a4 Rh5 65. b4 Kb6 66. Kb3 Ka6 67. b5+ Kb6 68. Kb4 Rd5 69. Rc6+ Kb7 70. a5 Rh5 71. Rc4 Ka7 72. c3 Rh8 73. Rc7+ Ka8 74. a6 Rb8 75. Ka5 Rb7 76. axb7+ Kb8 77. Rg7 Ka7 78. b6+ Kb8 79. Rg8+ Kxb7 80. h5 Kc6 81. Ka6 Kc5 82. b7 Kc4 83. b8=Q Kxc3 84. Rg3+ Kd4 85. Qd6+ Ke4 86. Rg4+ Kf3 87. Qf4+ Ke2 88. Rg2+ Kd3 89. Rg3+ Ke2 90. Qe3+ Kd1 91. Qb3+ Ke2 92. Qe3+ Kf1 93. Rg1# 1-0

[Event "Perth AUS Open Minor"]
[Site "?"]
[Date "2023.01.03"]
[Round "2.64"]
[White "Chen, Albert"]
[Black "El Fayoumi, Adam"]
[Result "0-1"]
[WhiteElo "1157"]
[BlackElo "1288"]
[PlyCount "106"]
[EventDate "2023.01.??"]
[EventRounds "11"]
[EventCountry "AUS"]
[SourceVersionDate "2023.01.02"]

1. d4 f5 2. Bf4 d6 3. e3 Nf6 4. Nf3 g6 5. Bb5+ c6 6. Bd3 Bg7 7. Nbd2 a6 8. c3 b5 9. O-O O-O 10. Qb3+ d5 11. a4 Bb7 12. axb5 axb5 13. Rxa8 Bxa8 14. Ra1 Nbd7 15. Ne5 Nxe5 16. Bxe5 Kh8 17. Nf3 Ne4 18. Bxg7+ Kxg7 19. Bxe4 fxe4 20. Ng5 Qd6 21. Qc2 Qf6 22. Nh3 Bb7 23. Nf4 e5 24. dxe5 Qxe5 25. Qe2 Bc8 26. Ra7+ Rf7 27. Rxf7+ Kxf7 28. f3 exf3 29. Qxf3 Bf5 30. g4 Qe4 31. Qxe4 Bxe4 32. h3 Ke7 33. Ne2 c5 34. Kf2 Kf6 35. Kg3 g5 36. Kf2 Ke5 37. Ng3 d4 38. Nxe4 Kxe4 39. exd4 cxd4 40. cxd4 Kxd4 41. Ke2 Kc4 42. Kd2 Kb3 43. Kc1 Ka2 44. Kc2 b4 45. b3 Ka3 46. Kc1 Kxb3 47. Kb1 h6 48. Ka1 Kc2 49. h4 b3 50. hxg5 b2+ 51. Ka2 b1=Q+ 52. Ka3 Kc3 53. Ka4 Qb4# 0-1